Waiver of a breach of covenant (Record no. 13771)

MARC details
000 -LEADER
fixed length control field 01435cab a2200253 4500
001 - CONTROL NUMBER
control field ABS56033
008 - FIXED-LENGTH DATA ELEMENTS--GENERAL INFORMATION
fixed length control field 090401t1996 xxu||||| |||| 00| 0 eng d
035 ## - SYSTEM CONTROL NUMBER
System control number (Sirsi) u20557
041 ## - LANGUAGE CODE
Language code of text/sound track or separate title eng
100 ## - MAIN ENTRY--PERSONAL NAME
Personal name Wilkinson, H. W.
245 ## - TITLE STATEMENT
Title Waiver of a breach of covenant
260 ## - PUBLICATION, DISTRIBUTION, ETC.
Date of publication, distribution, etc. 1996
350 ## - PRICE (NR) (BK AM CF MU VM SE) [OBSOLETE]
Price 0
490 ## - SERIES STATEMENT
Series statement New Law Journal
Volume/sequential designation 146(6765) 25 October 1996, 1545-1546(2)
520 ## - SUMMARY, ETC.
Summary, etc. Considers the accidental waiver of breaches of covenant with reference to "Cornillie v Saha and Bradford & Bingley Building Society". Mr and Mrs Saha purchased a long lease on flat 18, Mrs C brought flat 19 beneath. Mrs C found it was necessary to perform repairs due to water penetration from the flat above. Mr C later brought on his wife`s behalf the freehold reversion of the block. Mrs C asked for access to number 18 to carry out repair work on plumbing etc, it turned out the flat was sublet to numerous occupants. When Mr C asked for re-entry due to a breach of covenant it was argued that by requesting access to the other flat C had waived the breach of covenant.
650 ## - SUBJECT ADDED ENTRY--TOPICAL TERM
Topical term or geographic name entry element BREACH OF COVENANT
650 ## - SUBJECT ADDED ENTRY--TOPICAL TERM
Topical term or geographic name entry element CORNILLIE V SAHA AND BRADFORD AND BINGLEY BUILDING SOCIETY
650 ## - SUBJECT ADDED ENTRY--TOPICAL TERM
Topical term or geographic name entry element LAW OF PROPERTY ACT 1925 S146
650 ## - SUBJECT ADDED ENTRY--TOPICAL TERM
Topical term or geographic name entry element SUBLETTING
650 ## - SUBJECT ADDED ENTRY--TOPICAL TERM
Topical term or geographic name entry element WAIVER OF BREACH OF COVENANT
690 ## - LOCAL SUBJECT ADDED ENTRY--TOPICAL TERM (OCLC, RLIN)
Topical term or geographic name as entry element PROPERTY-RESIDENTIAL PROPERTY-RESIDENTIAL LANDLORD AND TENANT-RESIDENTIAL TENANCIES
942 ## - ADDED ENTRY ELEMENTS (KOHA)
Suppress in OPAC 0
948 ## - LOCAL PROCESSING INFORMATION (OCLC); SERIES PART DESIGNATOR (RLIN)
c (OCLC) 04/03/1997
Holdings
Withdrawn status Lost status Source of classification or shelving scheme Damaged status Not for loan Home library Current library Shelving location Date acquired Total Checkouts Full call number Barcode Date last seen Copy number Price effective from Koha item type
    Dewey Decimal Classification     London London Journal article 14/09/1999   ABS56033 20557-1001 06/08/2019 1 06/08/2019 Journal article